| Tag |
First Indicator |
Second Indicator |
Subfields |
| LEADER |
00000cjm a2200000 a 4500 |
| 001 |
in00001406765 |
| 005 |
20151020072920.0 |
| 007 |
sd fungnn|||ee |
| 008 |
910930p19911959xx btn di eng d |
| 028 |
0 |
2 |
|a SM3K 46291
|b Sony Classical
|
| 033 |
2 |
0 |
|a 1959----
|a 1963----
|b 4364
|c H7
|b 3804
|c N4
|b 3464
|c T7
|
| 035 |
|
|
|a (OCoLC)24472668
|
| 035 |
|
|
|9 AHQ3721AM
|
| 040 |
|
|
|a UUP
|c UUP
|d VRU
|d ENG
|d CPL
|d TXA
|d UtOrBLW
|
| 041 |
1 |
|
|d eng
|h rus
|e eng
|e fre
|e ger
|h rus
|g eng
|g fre
|g ger
|
| 049 |
|
|
|a TXAM
|
| 090 |
|
|
|a M1520.S932
|b B35 1991
|
| 100 |
1 |
|
|a Stravinsky, Igor,
|d 1882-1971.
|
| 240 |
1 |
0 |
|a Works.
|k Selections
|
| 245 |
1 |
0 |
|a Ballets.
|n Vol. I /
|c Igor Stravinsky.
|
| 264 |
|
1 |
|a [Place of publication not identified] :
|b Sony Classical,
|c [1991]
|
| 264 |
|
4 |
|c ℗1991
|
| 300 |
|
|
|a 3 sound discs :
|b digital ;
|c 4 3/4 in.
|
| 306 |
|
|
|a 004400
|a 000359
|a 001140
|a 000340
|a 003300
|a 003200
|a 002500
|a 001529
|a 002400
|
| 336 |
|
|
|a performed music
|b prm
|2 rdacontent
|
| 337 |
|
|
|a audio
|b s
|2 rdamedia
|
| 338 |
|
|
|a audio disc
|b sd
|2 rdacarrier
|
| 490 |
1 |
|
|a Igor Stravinsky edition ;
|v v. 1
|
| 500 |
|
|
|a Compact disc.
|
| 546 |
|
|
|a The 7th-8th works sung in English; originally in Russian.
|
| 511 |
0 |
|
|a Various soloists ; Columbia Symphony Orchestra (1st-2nd, 4th-6th works) ; CBC Symphony Orchestra (3rd) ; Columbia Percussion Ensemble (7th) ; Columbia Chamber Ensemble (8th-9th) ; the composer conducting.
|
| 518 |
|
|
|a Recorded 1959-1963 in Hollywood, Calif., New York City, or Toronto, Canada.
|
| 500 |
|
|
|a "Consists of previously released material"--Container.
|
| 500 |
|
|
|a Program notes, by the composer and Phillip Ramey, and texts of the vocal works, in English, French, and German (112 pages : ill.) in container.
|
| 505 |
0 |
|
|a The firebird (44:00) -- Scherzo à la russe (3:59) -- Scherzo fantastique (11:40) -- Fireworks (3:40) -- Petrushka (33:00) -- The rite of spring (32:00) -- The wedding (Mildred Allen, soprano ; Regina Sarfaty, mezzo-soprano ; Loren Driscoll, tenor ; Robert Oliver, bass ; Samuel Barber, Aaron Copland, Lukas Foss, Roger Sessions, pianos ; American Concert Choir ; Margaret Hillis, director) (25:00) -- Renard the Fox (George Shirley, Loren Driscoll, tenors ; William Murphy, baritone ; Donald Gramm, bass ; Toni Koves, cimbalom) (15:29) -- The soldier's tale. Suite (Israel Baker, violin ; Charles Brady, trumpet ; Richard Kelly, bass ; Roy d'Antonio, clarinet ; Don Christlieb, bassoon ; Robert Marsteller, trombone ; William Kraft, percussion) (24:00).
|
| 500 |
|
|
|a Sound recording.
|
| 650 |
|
0 |
|a Ballets.
|
| 650 |
|
0 |
|a Orchestral music.
|
| 650 |
|
0 |
|a Ballets
|v Excerpts.
|
| 700 |
1 |
|
|a Stravinsky, Igor,
|d 1882-1971,
|e conductor.
|
| 700 |
1 |
2 |
|a Stravinsky, Igor,
|d 1882-1971.
|t Zhar-ptit︠s︡a.
|
| 700 |
1 |
2 |
|a Stravinsky, Igor,
|d 1882-1971.
|t Scherzo à la russe.
|
| 700 |
1 |
2 |
|a Stravinsky, Igor,
|d 1882-1971.
|t Scherzo fantastique.
|
| 700 |
1 |
2 |
|a Stravinsky, Igor,
|d 1882-1971.
|t Feu d'artifice.
|
| 700 |
1 |
|
|a Stravinsky, Igor,
|d 1882-1971.
|t Petrushka.
|
| 700 |
1 |
2 |
|a Stravinsky, Igor,
|d 1882-1971.
|t Vesna svi︠a︡shchennai︠a︡.
|
| 700 |
1 |
2 |
|a Stravinsky, Igor,
|d 1882-1971.
|t Svadebka.
|l English.
|
| 700 |
1 |
2 |
|a Stravinsky, Igor,
|d 1882-1971.
|t Baĭka.
|l English.
|
| 700 |
1 |
2 |
|a Stravinsky, Igor,
|d 1882-1971.
|t Histoire du soldat.
|p Suite.
|
| 710 |
2 |
|
|a Columbia Symphony Orchestra,
|e performer.
|
| 710 |
2 |
|
|a CBC Symphony Orchestra,
|e performer.
|
| 710 |
2 |
|
|a Columbia Percussion Ensemble,
|e performer.
|
| 710 |
2 |
|
|a Columbia Chamber Ensemble,
|e performer.
|
| 800 |
1 |
|
|a Stravinsky, Igor,
|d 1882-1971.
|t Selections (Sony Classical) ;
|v v. 1.
|
| 948 |
|
|
|a c:jlg
|
| 999 |
|
|
|a MARS
|
| 999 |
f |
f |
|s 38d56a02-aae1-3c9d-95ba-a1892b497834
|i 29a6a5de-fc64-3185-9c6d-3c8a3e416bfd
|t 0
|
| 952 |
f |
f |
|p ric
|a Texas A&M University
|b Rellis Campus
|c Joint Library Facility
|d Remote Storage
|t 0
|e M1520.S932 B35 1991
|h Library of Congress classification
|i audio -- audio disc
|k disc.1
|m A14823304658
|
| 998 |
f |
f |
|a M1520.S932 B35 1991
|s disc.1-disc.3
|t 0
|l Remote Storage
|